Animated Movies by Picture - L - Statistics

General Stats
  • This quiz has been taken 454 times
  • The average score is 9 of 12
Answer Stats
Picture Answer % Correct
The Lion King
100%
The Lego Movie
98%
The Little Mermaid
98%
Lilo & Stitch
97%
Lightyear
93%
The Lorax
92%
Lady and the Tramp
90%
Luca
81%
The Little Prince
47%
Leo
36%
Luck
32%
Loving Vincent
12%
No matching quizzes found
Score Distribution
Percent of People with Each Score
Percentile by Number Answered
Your Score History
You have not taken this quiz